A-Z Geography - Statistics

General Stats
  • This quiz has been taken 62 times
    29 since last reset
  • The average score is 15 of 27
Answer Stats
Questions Answer % Correct
A) This capital is considered the birthplace of modern Democracy Athens
96%
E) Capital of Scotland Edinburgh
96%
L) Internationally famous Parisian museum Louvre
96%
D) This major European river runs thru 12 countries and 4 capitals Danube
91%
F) Financial capital of Germany Frankfurt
91%
G) Ecuadorian islands made famous by Darwin Galapagos
91%
I) Capital of the Scottish highlands Inverness
83%
B) This continental strait separates Istanbul in Europe/Asia Bosphorus
74%
V) Capital of Leichtenstein Vaduz
74%
Y) Capital of Armenia Yerevan
70%
M) Incan empire capital high in the Andes Machu Picchu
65%
P) Inlet sound located near Seattle Puget
65%
R) Religious movement started in Jamaica Rastafarianism
65%
T) Nuku'alofa is its capital Tonga
57%
H) Capital of Bermuda Hamilton
52%
K) South Tarawa is its major city/capital Kiribati
52%
Bonus) This island has over 800 indigenous languages Papua New Guinea
52%
U) Translates to "red hero" Ulaanbataar
48%
W) Major Polish city on the Oder river Wroclaw
48%
N) Former name of Astana Nur-Sultan
43%
C) Major port city on the northern Colombia coast Cartagena
35%
O) Major Finnish city known for wood tar, tech, IT Oulu
35%
X) Fujian port city in China on the Taiwan Strait Xiamen
35%
J) Largest city in Santa Catarina, Brazil Joinville
13%
Q) 5th largest city, southern Malta Qormi
0%
S) Southern city on the island of Tobago Scarborough
0%
Z) Southeastern Ukrainian city on the Dnieper Zaphorzhizia
0%
No matching quizzes found
Score Distribution
Percent of People with Each Score
Percentile by Number Answered
Your Score History
You have not taken this quiz since the last reset